Evolution of primary radiation defects in ionic crystals; Russian Physics Journal; Vol. 39, iss. 1
| Parent link: | Russian Physics Journal: Scientific Journal Vol. 39, iss. 1.— 1996.— [P. 1009-1028] |
|---|---|
| Autor principal: | |
| Altres autors: | , |
| Sumari: | Title screen Using pulsed spectrometry with nanosecond time resolution, we have studied the characteristics of creation of induced defects and the relaxation of such defects in the initial stage in ionic crystals, using as examples ten alkali halide crystals with sc and fcc lattices and an MgF2 crystal in the temperature range 12.5–500 K. We present the transient absorption spectra, the relaxation kinetics for the induced defects over a broad temperature range, the dependences of the creation and relaxation on the excitation flux density. The results of our investigations are generalized in tables and, in the form of the most characteristic dependences, in figures. We describe the model developed for evolution of primary defects, taking into account the main general characteristics observed experimentally and the results of mathematical modeling based on it, which allowed us to put together a general picture for the series of processes determining the evolution of primary defects. Режим доступа: по договору с организацией-держателем ресурса |
| Idioma: | anglès |
| Publicat: |
1996
|
| Matèries: | |
| Accés en línia: | http://dx.doi.org/10.1007/BF02436146 |
| Format: | MixedMaterials Electrònic Capítol de llibre |
| KOHA link: | https://koha.lib.tpu.ru/cgi-bin/koha/opac-detail.pl?biblionumber=655599 |
MARC
| LEADER | 00000naa0a2200000 4500 | ||
|---|---|---|---|
| 001 | 655599 | ||
| 005 | 20250321160747.0 | ||
| 035 | |a (RuTPU)RU\TPU\network\21841 | ||
| 035 | |a RU\TPU\network\21838 | ||
| 090 | |a 655599 | ||
| 100 | |a 20170918d1996 k||y0rusy50 ba | ||
| 101 | 0 | |a eng | |
| 102 | |a US | ||
| 135 | |a drnn ---uucaa | ||
| 181 | 0 | |a i | |
| 182 | 0 | |a b | |
| 200 | 1 | |a Evolution of primary radiation defects in ionic crystals |f V. M. Lisitsyn, V. I. Korepanov, V. Yu. Yakovlev | |
| 203 | |a Text |c electronic | ||
| 300 | |a Title screen | ||
| 320 | |a [Ref.: p. 1028 (31 tit.)] | ||
| 330 | |a Using pulsed spectrometry with nanosecond time resolution, we have studied the characteristics of creation of induced defects and the relaxation of such defects in the initial stage in ionic crystals, using as examples ten alkali halide crystals with sc and fcc lattices and an MgF2 crystal in the temperature range 12.5–500 K. We present the transient absorption spectra, the relaxation kinetics for the induced defects over a broad temperature range, the dependences of the creation and relaxation on the excitation flux density. The results of our investigations are generalized in tables and, in the form of the most characteristic dependences, in figures. We describe the model developed for evolution of primary defects, taking into account the main general characteristics observed experimentally and the results of mathematical modeling based on it, which allowed us to put together a general picture for the series of processes determining the evolution of primary defects. | ||
| 333 | |a Режим доступа: по договору с организацией-держателем ресурса | ||
| 461 | |t Russian Physics Journal |o Scientific Journal | ||
| 463 | |t Vol. 39, iss. 1 |v [P. 1009-1028] |d 1996 | ||
| 610 | 1 | |a электронный ресурс | |
| 610 | 1 | |a труды учёных ТПУ | |
| 610 | 1 | |a импульсная спектрометрия | |
| 610 | 1 | |a дефекты | |
| 610 | 1 | |a модели | |
| 700 | 1 | |a Lisitsyn |b V. M. |c physicist |c Russian physicist |c Professor of Tomsk Polytechnic University, Candidate of physical and mathematical sciences |f 1939- |g Viktor Mikhailovich |3 (RuTPU)RU\TPU\pers\28330 |9 13239 | |
| 701 | 1 | |a Korepanov |b V. I. |c specialist in the field of lightning engineering |c Professor of Tomsk Polytechnic University, Doctor of physical and mathematical sciences |f 1947- |g Vladimir Ivanovich |3 (RuTPU)RU\TPU\pers\33774 |9 17372 | |
| 701 | 1 | |a Yakovlev |b V. Yu. |c specialist in the field of lightning engineering |c Professor of Tomsk Polytechnic University, Doctor of physical and mathematical sciences |f 1949- |g Viktor Yurjevich |3 (RuTPU)RU\TPU\pers\35728 |9 18886 | |
| 801 | 2 | |a RU |b 63413507 |c 20170918 |g RCR | |
| 856 | 4 | |u http://dx.doi.org/10.1007/BF02436146 | |
| 942 | |c CF | ||